000 00659nam a2200229Ia 4500
003 OSt
005 20220918200447.0
006 a|||||r|||| 00| 0
007 ta
008 220917b |||||||| |||| 00| 0 eng d
024 _a88,935
037 _cTextual
040 _aARTS
_cARTS
_beng
041 _2eng
_aeng
082 _aU42.79198.M, M3
100 _aMainwaring Michael James
_994211
245 0 _aFrom the falklands Topatagoia
_b the story of a pioneer family
260 _aLondon
_bAllison And Busly
_c1983
650 _aGEOGRAPHY
942 _hU42.79198.M, M3
_cTEXL
_2CC
999 _c212605
_d212605